[Event "Wohlen op 5th"]
[Site "Wohlen"]
[Date "2024.08.17"]
[Round "2"]
[White "Navarini, Vincent"]
[Black "Pouly, Ivan"]
[Result "1/2-1/2"]
[WhiteElo "1775"]
[BlackElo "1963"]
[PlyCount "63"]
[EventDate "2024.08.16"]
[EventType "swiss"]
[EventRounds "5"]
[EventCountry "SUI"]
[SourceTitle "EXT 2025"]
[Source "ChessBase"]
[SourceDate "2024.10.14"]
[SourceVersion "1"]
[SourceVersionDate "2024.10.14"]
[SourceQuality "1"]

1. d4 Nf6 2. c4 e6 3. Nc3 Bb4 4. Qc2 d5 5. a3 Bxc3+ 6. Qxc3 0-0 7. Bg5 h6 8. Bxf6 Qxf6 9. g3 Nd7 10. e3 Re8 11. Bg2 e5 12. Ne2 exd4 13. Qxd4 dxc4 14. Qxf6 gxf6 15. Rc1 Nb6 16. Nd4 c6 17. Bf1 Be6 18. Nxe6 Rxe6 19. Bxc4 Nxc4 20. Rxc4 Rd8 21. Ke2 Red6 22. Rc2 a5 23. Rhc1 a4 24. Kf3 Rd2 25. Kg4 Kg7 26. Kf4 c5 27. Kf3 b6 28. Rxd2 Rxd2 29. Rc4 Rxb2 30. Rxa4 b5 31. Ra8 c4 32. Rc8 1/2-1/2

[Event "Biel HTO 57th"]
[Site "Biel"]
[Date "2024.07.25"]
[Round "10"]
[White "Pouly, Ivan"]
[Black "Douguet, Claude"]
[Result "1/2-1/2"]
[WhiteElo "1958"]
[BlackElo "1994"]
[PlyCount "131"]
[EventDate "2024.07.15"]
[EventType "swiss"]
[EventRounds "10"]
[EventCountry "SUI"]
[SourceTitle "CBM 221"]
[Source "ChessBase"]
[SourceDate "2024.08.31"]
[SourceVersion "1"]
[SourceVersionDate "2024.08.31"]
[SourceQuality "1"]

1. d4 d5 2. Bf4 c5 3. e3 Nc6 4. Nf3 cxd4 5. exd4 Qb6 6. b3 Bg4 7. c3 Nf6 8. Bd3 e6 9. 0-0 Be7 10. h3 Bh5 11. Qe2 Rc8 12. Nbd2 0-0 13. Rac1 Bg6 14. Ne5 Bxd3 15. Qxd3 Rfd8 16. Ndf3 Ne4 17. Nxc6 Qxc6 18. Ne5 Qb6 19. c4 f6 20. Nf3 Qa6 21. Qb1 Bb4 22. a4 Qa5 23. Qd3 Qa6 24. Qe3 b6 25. cxd5 exd5 26. Rxc8 Rxc8 27. Rc1 Qb7 28. Qd3 Rxc1+ 29. Bxc1 Qc6 30. Bd2 Bxd2 31. Nxd2 Qc1+ 32. Nf1 Qe1 33. Qe3 Qc3 34. Qxc3 Nxc3 35. Ng3 Na2 36. Ne2 Nb4 37. Nc3 a6 38. Kf1 Kf7 39. Ke2 Ke6 40. Kd2 Nc6 41. Kd3 Nb4+ 42. Kd2 Kf5 43. Ne2 g6 44. Kc3 Nc6 45. Kd3 h5 46. Ke3 h4 47. Kd3 g5 48. f3 Ne7 49. Nc3 Ke6 50. b4 Ng6 51. Ne2 Kf5 52. Ke3 Ne7 53. Nc3 Ke6 54. b5 a5 55. Kd3 Nf5 56. Ne2 Nd6 57. Nc3 Nc4 58. Ke2 f5 59. Kd3 Nb2+ 60. Kc2 Nc4 61. Kd3 Nd6 62. Ke3 f4+ 63. Kd3 Nf5 64. Nd1 Kd6 65. Kc3 Ke6 66. Kd3 1/2-1/2

[Event "Biel HTO 57th"]
[Site "Biel"]
[Date "2024.07.19"]
[Round "5"]
[White "Udipi, Kala Kishan"]
[Black "Pouly, Ivan"]
[Result "0-1"]
[WhiteElo "2065"]
[BlackElo "1958"]
[PlyCount "140"]
[EventDate "2024.07.15"]
[EventType "swiss"]
[EventRounds "10"]
[EventCountry "SUI"]
[SourceTitle "CBM 221"]
[Source "ChessBase"]
[SourceDate "2024.08.31"]
[SourceVersion "1"]
[SourceVersionDate "2024.08.31"]
[SourceQuality "1"]

1. d4 d5 2. c3 Nf6 3. Nf3 c6 4. Bf4 Bf5 5. Qb3 Qb6 6. Nbd2 Nbd7 7. e3 h6 8. c4 g5 9. Bg3 Bg7 10. Qa3 Nh5 11. c5 Qd8 12. Bd3 Nxg3 13. hxg3 Bxd3 14. Qxd3 e5 15. Ng1 0-0 16. Ne2 Re8 17. 0-0 exd4 18. exd4 Qf6 19. Rfe1 Re7 20. Nf1 Rae8 21. Ne3 Re4 22. a4 Nf8 23. Rad1 h5 24. Nf5 Qxf5 25. f3 Bxd4+ 26. Kh2 R4e5 27. Qxf5 Rxf5 28. Nxd4 Rfe5 29. Rxe5 Rxe5 30. a5 a6 31. Kg1 Ne6 32. Nxe6 Rxe6 33. Rd4 Kg7 34. Rb4 Re7 35. f4 f6 36. Kf2 Kg6 37. Kf3 Kf5 38. Kf2 Kg4 39. fxg5+ Kxg5 40. Kf3 Kf5 41. Rh4 Ke5 42. Ke3 Rg7 43. Rxh5+ f5 44. Rh3 Rg4 45. Kd3 Rb4 46. Rh5 Rb3+ 47. Kc2 Rxg3 48. Rh7 Rxg2+ 49. Kc1 Kd4 50. Rxb7 Kxc5 51. b4+ Kc4 52. Rb6 Rg6 53. Kd2 d4 54. Rxa6 Kxb4 55. Kd3 Kc5 56. Ra8 Rg3+ 57. Kd2 Ra3 58. a6 Kb6 59. Rd8 c5 60. Rb8+ Ka7 61. Rc8 Rc3 62. Rc6 f4 63. Kd1 f3 64. Kd2 f2 65. Ke2 Rc2+ 66. Kf1 d3 67. Rd6 c4 68. Kg2 d2 69. Kf1 c3 70. Ke2 Rc1 0-1